Normal view
MARC view
Entry Personal Name
001 - CONTROL NUMBER
- control field: 1541925
003 - CONTROL NUMBER IDENTIFIER
- control field: NLI
005 - DATE AND TIME OF LATEST TRANSACTION
- control field: 20240703150549.0
008 - FIXED-LENGTH DATA ELEMENTS
- fixed length control field: 240703|| aca||aabn | a|a d
040 ## - CATALOGING SOURCE
- Original cataloging agency: NLI
- Transcribing agency: NLI
100 ## - HEADING--PERSONAL NAME
- Personal name: Uikey, Durgadas
670 ## - SOURCE DATA FOUND
- Source citation: Work cat.: (NLI)1623572: Uikey, Durgadas , Talking to self , 2024
